Notes for observers.

Bibliographic Details
Corporate Author: United States. Army. Air Corps
Format: Government Document eBook
Language:English
Published: [Place of publication not identified] : [publisher not identified], 1918.
Series:Air Service Bull. No. 9
Subjects:
Online Access:Connect to the full text of this electronic document

MARC

Tag First Indicator Second Indicator Subfields
LEADER 00000cam a22000001a 4500
001 in00003698621
005 20190408182935.0
006 m o d f
007 cr bn mmmapmmp
008 040322s1918 xx o f000 0 eng d
035 |a ebd1910314869 
040 |a UMI  |c UMI  |d UtOrBLW 
086 0 |a W 95.21/5:1/[9] 
099 |a W95.21-3.9 
245 0 0 |a Notes for observers. 
264 1 |a [Place of publication not identified] :  |b [publisher not identified],  |c 1918. 
300 |a 1 online resource (6 pages) 
336 |a text  |b txt  |2 rdacontent 
337 |a computer  |b c  |2 rdamedia 
338 |a online resource  |b cr  |2 rdacarrier 
490 0 |a Air Service Bull. No. 9 
500 |a [on balloon observation, with some data on arrangement of German forces]. 
500 |a Record is based on bibliographic data in ProQuest U.S. Executive Branch Documents, 1910-1932. Reuse except for individual research requires license from ProQuest, LLC. 
533 |a Electronic reproduction.  |b [Bethesda, Md.] :  |c ProQuest,  |d 2012.  |e digital, PDF file.  |n ProQuest U.S. Executive Branch Documents, 1910-1932.  |n Mode of access: World Wide Web via ProQuest website. 
538 |a System requirements: PDF reader software. 
500 |a Electronic resource. 
650 0 |a Airplanes, Military.  |0 http://id.loc.gov/authorities/subjects/sh85002934 
650 0 |a Balloons.  |0 http://id.loc.gov/authorities/subjects/sh85011324 
651 0 |a Germany.  |0 http://id.loc.gov/authorities/names/n80125931 
655 7 |a Electronic books.  |2 local 
710 1 |a United States.  |b Army.  |b Air Corps.  |0 http://id.loc.gov/authorities/names/n80126026 
776 1 8 |i Microfiche version:  |t Notes for observers  |o CIS US Exec MF W95.21-3.9  |w (ProQuest)cis191310423 
856 4 0 |u http://proxy.library.tamu.edu/login?url=http://congressional.proquest.com/congressional/docview/t66.d71.w95.21-3.9  |z Connect to the full text of this electronic document  |t 0 
999 f f |s a67eaafc-3e10-3704-8965-8ce8a8b17353  |i fb634b94-5e6b-3386-b3ad-fe2d11917c06  |t 0 
952 f f |a Texas A&M University  |b College Station  |c Electronic Resources  |d Available Online  |t 0  |h No information provided 
998 f f |t 0  |l Available Online